La contabilidad de las empresas constructoras (Registro nro. 969)

Detalles MARC
000 -LEADER
fixed length control field 01519 a2200241 4500
001 - CONTROL NUMBER
control field 22328
005 - DATE AND TIME OF LATEST TRANSACTION
control field 20260407155513.0
008 - FIXED-LENGTH DATA ELEMENTS--GENERAL INFORMATION
fixed length control field 260407a1994 arg spa d
003 - CONTROL NUMBER IDENTIFIER
control field AR-UNSa-BCEJYS
040 ## - CATALOGING SOURCE
Original cataloging agency AR-UNSa-BCEJYS
Language of cataloging spa
Transcribing agency AR-UNSa-BCEJYS
080 ## - UNIVERSAL DECIMAL CLASSIFICATION NUMBER
Universal Decimal Classification number 657
Common auxiliary subdivision Contabilidad
020 ## - INTERNATIONAL STANDARD BOOK NUMBER
International Standard Book Number 84-476-0084-X
100 1# - MAIN ENTRY--PERSONAL NAME
Personal name Jiménez Montañés, María Angela
245 10 - TITLE STATEMENT
Title La contabilidad de las empresas constructoras
264 #1 - PRODUCTION, PUBLICATION, DISTRIBUTION, MANUFACTURE, AND COPYRIGHT NOTICE
Place of production, publication, distribution, manufacture Madrid :
Name of producer, publisher, distributor, manufacturer Ministerio de Economía y Hacienda
Date of production, publication, distribution, manufacture, or copyright notice 1994
300 ## - PHYSICAL DESCRIPTION
Extent 567 p.
Dimensions 24 cm.
505 ## - FORMATTED CONTENTS NOTE
Formatted contents note 1. La empresa constructora - 2. Constitución de la sociedad constructora - 3. Modificaciones del capital social - 4. Otros fondos propios, provisiones para riesgos y gastos e ingresos a distribuir en varios ejercicios - 5. Fondos ajenos a largo plazo - 6. Inmovilizado inmaterial - 7. Inmovilizado material y gastos amortizables - 8. Inversiones financieras - 9. Existencias - 10. Proveedores y otros acreedores de trafico - 11. Métodos de contabilización de las ventas(I) - 12. Métods de contabilización de las ventas(II) - 13. Otras operaciones de trafico y cuentas financieras - 14. Los impuestos en las empresas constructoras - 15. Cuentas de gestión - 16. Cuentas anuales.
590 ## - LOCAL NOTE (RLIN)
Local note niveau_biblio:m niveau_hierar:0
700 1# - ADDED ENTRY--PERSONAL NAME
Personal name Quesada Sanchez, Francisco Javier
700 1# - ADDED ENTRY--PERSONAL NAME
Personal name Santos Peñalver, Jesus F.
856 41 - ELECTRONIC LOCATION AND ACCESS
Uniform Resource Identifier <a href="https://biblioeco.unsa.edu.ar/pmb/images/libros/La Contabilidad de las Empresas Constructoras-l119501.jpg">https://biblioeco.unsa.edu.ar/pmb/images/libros/La Contabilidad de las Empresas Constructoras-l119501.jpg</a>
Link text Imagen de portada
Electronic format type image/jpeg
942 ## - ADDED ENTRY ELEMENTS (KOHA)
Koha item type
Existencias
Withdrawn status Lost status Damaged status Not for loan Home library Current library Shelving location Date acquired Total checkouts Full call number Barcode Date last seen Price effective from Koha item type
        Biblioteca Prof. Eusebio Cleto del Rey Biblioteca Prof. Eusebio Cleto del Rey   07/04/2026   P657 Q5 L119501 07/04/2026 07/04/2026 Libro